000 00585nam a2200217Ia 4500
005 20250508170210.0
008 008 250505s9999 xx 000 0 eng d
020 _a978-0-032-41783-7
037 _aTextBook
040 _aFEDL
_beng
_cFEDL
041 _aeng
_2eng
084 _a301, BRI/R
_qFEDL
100 _aBrij Mohan
245 0 _aIntroduction to sociology: Concepts and theories
260 _aLondon, UK
_bRoutledge
_c2022
300 _axiv, 388p.
365 _aINR
_b110
546 _aReprint, 2023
942 _cTB
_h301, BRI/R
999 _c1399742
_d1399742